1618 1090 1429 1929 1283 1794 1864 1365 1350 1301 1496 1092 1618 1486 1009 1030 1875 1918 1008 1537 1071 1009 1088 1470 1869 1425 1509 1673 1779 1115 1244 1416 1267 1422 1179 1568 1290 1185 1952 1817 1427 1184 1759 1063 1017 1327 1324 1381 1075 1868 1763 1506 1012 1431 1347 1785 1490 1710 1827 1787 1952 1106 1857 1869 1289 1187 1171 1104 1385 1148 1784 1507 1903 1523 1991 1574 1424 1219 1166 1213 1824 1508 1094 1179 1148 1213 1262 1206 1938 1894 1039 1872 1146 1745 1178 1769 1358 1998 1889 BCNSPRNW ULIB Ver.6.0+V

เปลี่ยนเป็นภาษาไทย

Change to English
 แสดงรายละเอียดบรรณานุกรม
  กลับหน้าหลัก

Brief Record : Get Marc (ISO 2709) : E-mail record : QR code < ปิดหน้าต่าง
LEADER : 00000nam 2200000uu 4500
001    13399126307
003     ULIB
008    180905s2561||||th 000 0 tha d
020    ^a9786162233791
060 04 ^aWT141^bผ225ก
100 0  ^aผ่องพรรณ อรุณแสง
245 10 ^aการประเมินภาวะสุขภาพผู้ใหญ่และผู้สูงอายุ : การประยุกต์ใช้ในการพยาบาล/^cผ่องพรรณ อรุณแสง
250    ^aพิมพ์ครั้งที่ 6
260    ^aขอนแก่น :^bคณะพยาบาลศาสตร์ มหาวิทยาลัยขอนแก่น,^c2561
300    ^a276 หน้า :^bภาพประกอบ ;^c26 ซม.
650  7 ^aการตรวจสอบร่างกาย
650  7 ^aผู้สูงอายุ
650  7 ^aสุขภาพ^bการประเมิน
945    ^p250^l0^i26533
945    ^p250^l0^i26532
945    ^p250^l0^i26531
945    ^p250^l0^i26535
945    ^p250^l0^i26534
999    ^aกัณชพร จุลอักษร
รายการนี้ยังไม่มีแท็ก
คุณยังไม่ได้ล็อกอิน คุณสามารถมีกิจกรรมร่วมกับเว็บไซต์ได้ แต่ต้องล็อกอินก่อน ::
  ล็อกอิน

รายการสื่อสารสนเทศ

ลำดับที่ ประเภท เลขเรียก/บาร์โค้ด สถานที่ สถานะ
1. หนังสือสำรอง
หนังสือสำรอง
WT141 ผ225ก ฉ.1 
  Barcode: 26531
ห้องสมุดวิทยาเขตนครสวรรค์
►หนังสือทั่วไป:l:General Books
บนชั้น
2. วิทยาศาสตร์การแพทย์ และสุขภาพ
วิทยาศาสตร์การแพทย์ และสุขภาพ
WT141 ผ225ก ฉ.2 
  Barcode: 26532
ห้องสมุดวิทยาเขตนครสวรรค์
►หนังสือทั่วไป:l:General Books
บนชั้น
3. วิทยาศาสตร์การแพทย์ และสุขภาพ
วิทยาศาสตร์การแพทย์ และสุขภาพ
WT141 ผ225ก ฉ.3 
  Barcode: 26533
ห้องสมุดวิทยาเขตนครสวรรค์
►หนังสือทั่วไป:l:General Books
บนชั้น
4. วิทยาศาสตร์การแพทย์ และสุขภาพ
วิทยาศาสตร์การแพทย์ และสุขภาพ
WT141 ผ225ก ฉ.4 
  Barcode: 26534
ห้องสมุดวิทยาเขตนครสวรรค์
►หนังสือทั่วไป:l:General Books
บนชั้น
5. วิทยาศาสตร์การแพทย์ และสุขภาพ
วิทยาศาสตร์การแพทย์ และสุขภาพ
WT141 ผ225ก ฉ.5 
  Barcode: 26535
ห้องสมุดวิทยาเขตนครสวรรค์
►หนังสือทั่วไป:l:General Books
บนชั้น

รายการใกล้เคียง
    ผู้แต่ง [ผ่องพรรณ อรุณแสง]

    หัวเรื่อง [การตรวจสอบร่างกาย]
    หัวเรื่อง [ผู้สูงอายุ]
    หัวเรื่อง [สุขภาพ การประเมิน]

BibComment


ยังไม่เคยถูกคอมเมนท์

คอมเมนท์ทรัพยากรรายการนี้
  คอมเมนท์: การประเมินภาวะสุ..


 Copyright 2026. Bcnsprnw @Library